000 00629nam a22002297a 4500
003 UA-OsUOA
001 31845
007 ta
008 20050112b un ||||| |||| 00| 0 ukr d
090 _a94(430)
_bС75
942 _cBK
040 _aUA-OsUOA
_brus
_cUA-OsUOA
_dUA-OsUOA
245 _aСС в действии
_bДокументы о преступлениях СС
_cРед. А.Ларионов Р.Володин
300 _a624 с.
_bІлюстрації
955 _a0
041 _arus
080 _a94(430)
260 _aМосква
_bПрогресс
_c1968
044 _aRU
650 7 _2UDC
999 _c318279
_d318279